[Event "HUN-chT2 Szechenyi 1617"]
[Site "Hungary"]
[Date "2017.04.09"]
[Round "11.6"]
[White "Kozma, Karoly"]
[Black "Horvath, Reka"]
[Result "1-0"]
[WhiteElo "2284"]
[BlackElo "2060"]
[PlyCount "93"]
[EventDate "2016.09.25"]
[EventType "team-tourn"]
[EventRounds "11"]
[EventCountry "HUN"]
[SourceTitle "EXT 2021"]
[Source "ChessBase"]
[SourceDate "2020.10.23"]
[SourceVersion "1"]
[SourceVersionDate "2020.10.23"]
[SourceQuality "1"]
[WhiteTeam "Ajka Banyasz"]
[BlackTeam "Haladas Szombathely III"]
[WhiteTeamCountry "HUN"]
[BlackTeamCountry "HUN"]

1. Nf3 c5 2. g3 b6 3. Bg2 Bb7 4. c4 e6 5. 0-0 Nf6 6. Nc3 Be7 7. d4 cxd4 8. Qxd4 d6 9. Rd1 a6 10. b3 Nbd7 11. Bb2 Qc7 12. Rac1 0-0 13. h3 Rfd8 14. e4 Ne5 15. Nd2 Nfd7 16. Nf1 Bf6 17. Qe3 Qc5 18. Qe2 Qc7 19. f4 Nc6 20. Nd5 exd5 21. Bxf6 Nxf6 22. cxd5 b5 23. dxc6 Bxc6 24. Kh2 Qb7 25. Rxc6 Qxc6 26. e5 Qe8 27. Bxa8 Rxa8 28. Rxd6 Nd7 29. Qd3 Nf8 30. Ne3 Qe7 31. Nd5 Qa7 32. Qe3 Qxe3 33. Nxe3 a5 34. Nd5 h5 35. Kg2 a4 36. Nb6 Rb8 37. bxa4 bxa4 38. Nxa4 Rb4 39. Nc3 Ne6 40. f5 Rb2+ 41. Kf1 Ng5 42. Rd8+ Kh7 43. h4 Nf3 44. e6 fxe6 45. fxe6 Nd2+ 46. Rxd2 Rxd2 47. e7 1-0